Normal view
MARC view
- Varga, Ervin
Entry Personal Name
001 - CONTROL NUMBER
- control field: 131198
003 - CONTROL NUMBER IDENTIFIER
- control field: NUST
005 - DATE AND TIME OF LATEST TRANSACTION
- control field: 20251015170722.0
008 - FIXED-LENGTH DATA ELEMENTS
- fixed length control field: 251015|| aca||aabn | a|a d
040 ## - CATALOGING SOURCE
- Original cataloging agency: NUST
- Transcribing agency: NUST
100 ## - HEADING--PERSONAL NAME
- Personal name: Varga, Ervin
670 ## - SOURCE DATA FOUND
- Source citation: Work cat.: (NUST)590768: Varga, Ervin , Practical Data Science with Python 3: , 2019
